书目信息 |
| 题名: |
电工学(第七版)(上册)学习辅导与习题解答
|
|
| 作者: | 姜三勇 主编 | |
| 分册: | ||
| 出版信息: | 北京 高等教育出版社 2011 |
|
| 页数: | 331页 | |
| 开本: | 26cm | |
| 丛书名: | ||
| 单 册: | ||
| 中图分类: | TM-42 | |
| 科图分类: | ||
| 主题词: | 电工--高等教育--教学参考资料 | |
| 电子资源: | ||
| ISBN: | 978-7-04-031190-7 | |
| 000 | 00901nam0 2200241 450 | |
| 001 | 0102079199 | |
| 005 | 20110509153658.0 | |
| 010 | @a978-7-04-031190-7@dCNY31.50 | |
| 100 | @a20110323d2011 em y0chiy0120 ea | |
| 101 | 0 | @achi |
| 102 | @aCN@b110000 | |
| 105 | @ay z 000yy | |
| 106 | @ar | |
| 200 | 1 | @a电工学(第七版)(上册)学习辅导与习题解答@9Dian Gong Xue ( Di Qi Ban ) ( Shang Ce ) Xue Xi Fu Dao Yu Xi Ti Jie;Xie Da @f姜三勇主编@b专著 |
| 210 | @a北京@c高等教育出版社@d2011 | |
| 215 | @a331页@d26cm | |
| 300 | @a普通高等教育“十一五”国家级规划教材配套参考书 | |
| 330 | @a本书是《电工学(第七版)(上册)》的配套用书,包括:内容要点与阅读指导、基本要求、重点与难点、知识关联图、练习与思考题解和习题题解六个部分。 | |
| 606 | 0 | @a电工@x高等教育@j教学参考资料 |
| 690 | @aTM-42@v4 | |
| 701 | 0 | @a姜三勇@4主编@9jiang san yong |
| 801 | 0 | @aCN@bAZmarc@c20230902 |
| 905 | @aBZT@dTM-42@e2@f1@sTM-42/2 | |
| 电工学(第七版)(上册)学习辅导与习题解答/姜三勇主编.-北京:高等教育出版社,2011 |
| 331页;26cm |
| 普通高等教育“十一五”国家级规划教材配套参考书 |
| ISBN 978-7-04-031190-7:CNY31.50 |
| 本书是《电工学(第七版)(上册)》的配套用书,包括:内容要点与阅读指导、基本要求、重点与难点、知识关联图、练习与思考题解和习题题解六个部分。 |
| ● |
| 相关链接 |
|
|
|
正题名:电工学(第七版)(上册)学习辅导与习题解答
索取号:TM-42/2
 
预约/预借
| 序号 | 登录号 | 条形码 | 馆藏地/架位号 | 状态 | 备注 |
| 1 | 2000010055 | 2000010055 | 旧书回溯/ [索取号:TM-42/2] | 在馆 |